000
00306nam a22001217a 4500
020
_a
9976780141
082
_a
657.45 TAN
245
_a
TANZANIA AUDING STANDARDS
250
_a
2 ed
260
_a
Dar es salaam
_b
National board of accounts and auditors
_c
2002
300
_a
vii,279pg
_b
ill., 20cm
942
_c
BK
999
_c
18899
_d
18899